00223nam a2200097Ia 4500008004100000041000800041082001000049100001600059245002400075260002600099231212s1977 xx 000 0 und d aeng a625.8 aPinsky A.A. aProblems in Physics aMascowbMir Pubc1977